| 000 | 00825nam1a22002171i 4500 | ||
|---|---|---|---|
| 001 | rc\481361 | ||
| 005 | 20260406171816.0 | ||
| 035 | _a(NLR Aleph) 005809064 | ||
| 090 |
_a5369919 _c5369919 |
||
| 100 | _a20030616g19879999u |0rusy50 ca | ||
| 101 | 0 | _arus | |
| 102 | _aRU | ||
| 105 | _ay ||||||||| | ||
| 200 | 1 |
_aМетодика и опыт работы философских (методологических) семинаров _eУказ. основной лит. ... _fДом. полит. просвещения ЦК Компартии Украины |
|
| 210 |
_aКиев _cБ. и. _d1987- |
||
| 215 | _d20 | ||
| 712 | 0 | 2 |
_aДом политического просвещения _cКиев _3RU\NLR\AUTH\889939284 _9373440 |
| 801 | 0 |
_aRU _bNLR _gpsbo |
|
| 801 | 1 |
_aRU _bELAR _2rusmarc |
|
| 852 |
_aNLR _bС _jК-1/3698 |
||
| 942 | _cBOOK | ||